| 000 | 00568nam a2200205Ia 4500 | ||
|---|---|---|---|
| 008 | 220216s9999 xx 000 0 und d | ||
| 100 | _aSarkar Jayanta | ||
| 245 | 0 | _aCold response of Hevea brasiliensis clones under controlled environmental conditions | |
| 260 |
_bRubber Science _cDec-13 |
||
| 300 | _a228-237 | ||
| 650 | _aChlorophyll fluorescence | ||
| 650 | _aCold stress | ||
| 650 | _aLipid peroxidation | ||
| 650 | _aPS II | ||
| 650 | _aStree proteins | ||
| 700 | _aAnnamalainathan K | ||
| 700 | _aKrishnakumar R | ||
| 700 | _aRemya B | ||
| 942 | _cJS | ||
| 999 |
_c55834 _d55834 |
||